Every NFL Superbowl Champions - Statistics

General Stats
  • This quiz has been taken 574 times
  • The average score is 53 of 58
Answer Stats
Season Answer % Correct
2023-24 Chiefs
98%
2022-23 Chiefs
98%
2019-20 Chiefs
98%
1969-70 Chiefs
98%
2018-19 Patriots
96%
2016-17 Patriots
96%
2014-15 Patriots
96%
2004-05 Patriots
96%
2003-04 Patriots
96%
2001-02 Patriots
96%
2021-22 Rams
96%
1999-2000 Rams
96%
2017-18 Eagles
95%
2010-11 Packers
94%
1996-97 Packers
94%
1967-68 Packers
94%
1966-67 Packers
94%
2020-21 Buccaneers
92%
2002-03 Buccaneers
92%
2013-14 Seahawks
92%
2008-09 Steelers
92%
2005-06 Steelers
92%
1979-80 Steelers
92%
1978-79 Steelers
92%
1975-76 Steelers
92%
1974-75 Steelers
92%
2015-16 Broncos
91%
1998-99 Broncos
91%
1997-98 Broncos
91%
1995-96 Cowboys
91%
1993-94 Cowboys
91%
1992-93 Cowboys
91%
1977-78 Cowboys
91%
1971-72 Cowboys
91%
2011-12 Giants
91%
2007-08 Giants
91%
1990-91 Giants
91%
1986-87 Giants
91%
1994-95 49ers
90%
1989-90 49ers
90%
1988-89 49ers
90%
1984-85 49ers
90%
1981-82 49ers
90%
2012-13 Ravens
90%
2000-01 Ravens
90%
1973-74 Dolphins
89%
1972-73 Dolphins
89%
2006-07 Colts
88%
1970-71 Colts
88%
1985-86 Bears
86%
1968-69 Jets
86%
1983-84 Raiders
86%
1980-81 Raiders
86%
1976-77 Raiders
86%
2009-10 Saints
86%
1991-92 Redskins
79%
1987-88 Redskins
79%
1982-83 Redskins
79%
No matching quizzes found
Score Distribution
Percent of People with Each Score
Percentile by Number Answered
Your Score History
You have not taken this quiz